000 01866cam a2200349 i 4500
001 19990334
003 OSt
005 20230826155532.0
008 170913s2019 nyua 000 0 eng
010 _a 2017040173
020 _a9789389342239
_q(paperback)
020 _a0134790545
_q(paperback)
040 _aDLC
_beng
_cDLC
_erda
_dDLC
042 _apcc
050 0 0 _aQA278
_b.T3 2019
082 0 0 _a519.535
_bTAB/U
100 1 _aTabachnick, Barbara G.,
_d1936-
_eauthor.
_99374
245 1 0 _aUsing multivariate statistics /
_cBarbara G. Tabachnick, California State University, Northridge, Linda S. Fidell, California State University, Northridge.
250 _aSeventh edition.
264 1 _aNY, NY :
_bPearson,
_c[2019]
300 _axiv, 832 pages :
_billustrations ;
_c28 cm
336 _atext
_btxt
_2rdacontent
337 _aunmediated
_bn
_2rdamedia
338 _avolume
_bnc
_2rdacarrier
500 _aChapter 14, by Jodie B. Ullman.
505 0 _aIntroduction -- A guide to statistical techniques : using the book -- Review of univariate and bivariate statistics -- Cleaning up your act : screening data -- Multiple regression -- Analysis of covariance -- Multivariate analysis of variance and covariance -- Profile analysis : the multivariate approach to repeated measures -- Discriminant analysis -- Logistic regression -- Survival-failure analysis -- Canonical correlation -- Principal components and factor analysis -- Structural equation modeling / by Jodie B. Ullman -- Multilevel linear modeling -- Multiway frequency analysis -- An overview of the general linear model -- Time-series analysis (available online).
650 0 _aMultivariate analysis.
650 0 _aStatistics.
700 1 _aFidell, Linda S.,
_eauthor.
700 1 _aUllman, Jodie B.,
_eauthor.
942 _2ddc
_cBK
_h519.535
_iTAB/U
_k519.535
_mTAB/U
999 _c42023
_d42023